000 00280nam a22001337a 4500
008 170221b xxu||||| |||| 00| 0 eng d
020 _a9780071488693
041 _aeng
080 _a615
100 _a5
101 _aSHF
245 _aPHARAMCOLOGY
_cA.J.TREVOR
942 _2udc
_cBK
999 _c5949
_d5949